Autobiography of a yogi / (Record no. 92249)

MARC details
000 -LEADER
fixed length control field 00576nam a22001817a 4500
005 - DATE AND TIME OF LATEST TRANSACTION
control field 20150423142241.0
010 ## - LCCN (DPL NO)
LC control number ENG-112374
020 ## - INTERNATIONAL STANDARD BOOK NUMBER
International Standard Book Number 9789350093283
Terms of availability 350.00
035 ## - SYSTEM CONTROL NUMBER
System control number EN-95906
037 ## - SOURCE OF ACQUISITION
Source of stock number/acquisition DBAD/PUB
082 ## - DEWEY DECIMAL CLASSIFICATION NUMBER
Classification number 230.33
100 ## - MAIN ENTRY--PERSONAL NAME
Personal name Paramahansa Yogananda
245 ## - TITLE STATEMENT
Title Autobiography of a yogi /
Statement of responsibility, etc by Paramahansa Yogananda
260 ## - PUBLICATION, DISTRIBUTION, ETC. (IMPRINT)
Place of publication, distribution, etc Gurgaon
Name of publisher, distributor, etc Hachette Book Publishing
Date of publication, distribution, etc 2013
270 ## - ADDRESS
Address 4th & 5th Floor, Corporate Centre, Plot No.94, Sector-44,
City Gurgaon
Postal code 122003
300 ## - PHYSICAL DESCRIPTION
Extent xviii,384p.
Dimensions 21cm(pbk)
942 ## - ADDED ENTRY ELEMENTS (KOHA)
Source of classification or shelving scheme Dewey Decimal Classification
Item type English Books
Call number suffix PAR
Classification part 230.33
Holdings
Withdrawn status Lost status Not for loan Collection code Home library Current library Date acquired Source of acquisition Cost, normal purchase price Full call number Barcode Copy number Cost, replacement price Koha item type
    Not For Loan Non-fiction D.B.Act.Division D.B.Act.Division 13/03/2015 DBAD/PUB 350.00 230.33 PAR EN-95906 1 350.00 English Books

© Delhi Public Library
Hit Counter
free hit counter